| 000 | 00925nam a2200253Ia 4500 | ||
|---|---|---|---|
| 003 | GCL | ||
| 008 | 140319s9999 xx 000 0 ara d | ||
| 020 | _a2088329957 | ||
| 040 |
_aGCL / _cGCL |
||
| 082 | 0 | 4 |
_a229.2 _bا ص |
| 100 | 1 | _aامال قطينة | |
| 245 | 1 | 0 |
_aالصحيح والسقيم فى فضائل القران الكريم / _cامال قطينة |
| 250 | _aالاولى | ||
| 260 |
_aالاردن : _bدار الحامد للنشر والتوزيع ، _c2006 |
||
| 300 |
_a127 ص ؛ _c22 سم |
||
| 490 |
_aاصدارات جمعية الحديث الشريف واحياء التراث _v5 |
||
| 650 | 0 | 4 | _aالحديث |
| 650 | 0 | 4 | _aالحديث - الاسناد الضعيف |
| 650 | 0 | 4 | _aالحديث الموضوع |
| 650 | 0 | 4 | _aالقران - فضائل |
| 650 | 0 | 4 | _aالحديث - الاسناد الصحيح |
| 650 | 0 | 4 | _aالحديث - المؤتلف والمختلف |
| 942 |
_2ddc _cBK |
||
| 999 |
_c8541 _d8541 |
||